| 000 | 003610000a22001570004500 | ||
|---|---|---|---|
| 020 | _a0387081127 | ||
| 060 | _a100 | ||
| 082 | _a582.130 416 DEN | ||
| 100 | _aNettancourt, D.de | ||
| 245 | _aIncompatibility in Angiosperms | ||
| 260 | _aBerlin, Springer-verkg | ||
| 260 | _c1977 | ||
| 300 | _a230 | ||
| 650 | _aAngiosperms/Incompitibility/ | ||
| 942 | _cBK | ||
| 999 |
_c365181 _d365181 |
||